000 00649nam a2200205 i 4500
001 111934
003 ES-MaACL
005 20230906185404.0
007 t|
008 061121s1953 sp r ||||1| spa d
100 1 _aOromi, Miguel.
_9176624
245 1 0 _aOrtega y la filosofía
_b: seis glosas /
_cMiguel Oromi.
260 _aMadrid :
_b[s.n.],
_c1953 (
_fImp. P. López)
300 _a358 p. ;
_c20 cm.
490 1 _aEsplandian ;
_vnº 6
600 1 4 _aOrtega y Gasset, José,
_d1883-1955-
_xCrítica e interpretación
_987505
830 0 _aEsplandian ;
_vnº 6
_9184457
852 _aES-MaACL
_jC-5999
_bR.34967
999 _c111934
_d111934